Efficient removal of oil,fats and grease from domestic wastewater for water reuse with energy generation as fuel. (Record no. 532845)

000 -LEADER
fixed length control field 00778nam a22002057a 4500
003 - CONTROL NUMBER IDENTIFIER
control field NUST
005 - DATE AND TIME OF LATEST TRANSACTION
control field 20191216110458.0
008 - FIXED-LENGTH DATA ELEMENTS--GENERAL INFORMATION
fixed length control field 191204b ||||| |||| 00| 0 eng d
038 ## - RECORD CONTENT LICENSOR
Staff Name IESE
082 ## - DEWEY DECIMAL CLASSIFICATION NUMBER
Classification number 628
Author Mark HAS
100 ## - MAIN ENTRY--PERSONAL NAME
Personal name Hashmi,Ehsan Mustafa
9 (RLIN) 26459
245 ## - TITLE STATEMENT
Title Efficient removal of oil,fats and grease from domestic wastewater for water reuse with energy generation as fuel.
Statement of responsibility, etc. Ehsan Mustafa Hashmi
260 ## - PUBLICATION, DISTRIBUTION, ETC.
Place of publication, distribution, etc. Islamabad
Name of publisher, distributor, etc. IESE (SCEE) NUST
Date of publication, distribution, etc. 2019
300 ## - PHYSICAL DESCRIPTION
Extent 41p.
Other physical details H.B
440 ## - SERIES STATEMENT/ADDED ENTRY--TITLE
Title MS Environmental Engineering
9 (RLIN) 1549
500 ## - GENERAL NOTE
General note Thesis MS EE
650 ## - SUBJECT ADDED ENTRY--TOPICAL TERM
Topical term or geographic name entry element Environmental Engineering
9 (RLIN) 1550
700 ## - ADDED ENTRY--PERSONAL NAME
Relator code Dr. Yousuf Jamal (Supervisor)
942 ## - ADDED ENTRY ELEMENTS (KOHA)
Source of classification or shelving scheme
Koha item type Thesis
Call number prefix IESE
Holdings
Withdrawn status Lost status Source of classification or shelving scheme Damaged status Not for loan Permanent Location Current Location Shelving location Date acquired Total Checkouts Full call number Barcode Date last seen Price effective from Koha item type Copy number
        Not For Loan Institute of Environmental Science and Engineering (IESE) Institute of Environmental Science and Engineering (IESE) Thesis 12/04/2019   628 HAS IESE-T-677 12/04/2019 12/04/2019 Thesis  
        Not For Loan Institute of Environmental Science and Engineering (IESE) Institute of Environmental Science and Engineering (IESE) Thesis 02/04/2020   628 HAS IESE-T-694 02/04/2020 02/04/2020 Thesis 2
        Not For Loan Institute of Environmental Science and Engineering (IESE) Institute of Environmental Science and Engineering (IESE)   02/04/2020   628 HAS IESE-T-695 02/04/2020 02/04/2020 Thesis  
© 2023 Central Library, National University of Sciences and Technology. All Rights Reserved.